书目信息 |
| 题名: |
地质信息技术导论
|
|
| 作者: | 吴冲龙 主编 | |
| 分册: | ||
| 出版信息: | 北京 高等教育出版社 2007.7 |
|
| 页数: | 629页 | |
| 开本: | 23cm | |
| 丛书名: | ||
| 单 册: | ||
| 中图分类: | P62-39 | |
| 科图分类: | ||
| 主题词: | 信息技术--应用--地质调查--研究生--教材 , 信息技术 , 地质调查 | |
| 电子资源: | ||
| ISBN: | 978-7-04-020687-6 | |
| 000 | 01134nam0 2200277 45 | |
| 001 | 512 | |
| 005 | 20120604093406.10 | |
| 010 | @a978-7-04-020687-6@dCNY52.00 | |
| 100 | @a20120328d2007 em y0chiy0110 ea | |
| 101 | 0 | @achi |
| 102 | @aCN@b110000 | |
| 105 | @ay z 000yy | |
| 106 | @ar | |
| 200 | 1 | @a地质信息技术导论@ADi Zhi Xin Xi Ji Shu Dao Lun@dIntroduction to geological information technology@f吴冲龙主编@FWu Chong Long Zhu Bian@zeng |
| 210 | @a北京@c高等教育出版社@d2007.7 | |
| 215 | @a629页@d23cm | |
| 300 | @a研究生教学用书 | |
| 330 | @a本书着重介绍目前在各类地质调查、矿产资源勘查和工程地质勘察领域应用较多的信息技术原理、方法与应用,其中包括地质信息科学与信息系统的基本概念,地矿勘查的数据管理、空间分析、信息处理、地质信息三维可视化、地质过程计算机模拟等方面的基本原理、设计知识与应用技能。 | |
| 510 | 1 | @aIntroduction to geologicaol information technology@zeng |
| 606 | 0 | @a信息技术@x应用@x地质调查@x研究生@j教材 |
| 606 | 0 | @a信息技术 |
| 606 | 0 | @a地质调查 |
| 690 | @aP62-39@v4 | |
| 701 | 0 | @a吴冲龙@AWu Chong Long@f(1945.10~)@4主编 |
| 801 | 0 | @aCN@bTSTCL@c201203278 |
| 905 | @b0813559-65@dP62-39@e45@f7 | |
| 地质信息技术导论=Introduction to geological information technology/吴冲龙主编.-北京:高等教育出版社,2007.7 |
| 629页;23cm |
| 研究生教学用书 |
| ISBN 978-7-04-020687-6:CNY52.00 |
| 本书着重介绍目前在各类地质调查、矿产资源勘查和工程地质勘察领域应用较多的信息技术原理、方法与应用,其中包括地质信息科学与信息系统的基本概念,地矿勘查的数据管理、空间分析、信息处理、地质信息三维可视化、地质过程计算机模拟等方面的基本原理、设计知识与应用技能。 |
| ● |
| 相关链接 |
|
|
|
|
正题名:地质信息技术导论
索取号:P62-39/45
 
预约/预借
| 序号 | 登录号 | 条形码 | 馆藏地/架位号 | 状态 | 备注 |
| 1 | 0813559 | 208135597 | 第二样本阅览室/ [索取号:P62-39/45] | 在馆 | |
| 2 | 0813560 | 208135604 | 第三借阅区/ [索取号:P62-39/45] | 在馆 | |
| 3 | 0813561 | 208135613 | 第三借阅区/ [索取号:P62-39/45] | 在馆 | |
| 4 | 0813562 | 208135622 | 第三借阅区/ [索取号:P62-39/45] | 在馆 | |
| 5 | 0813563 | 208135631 | 第三借阅区/ [索取号:P62-39/45] | 在馆 | |
| 6 | 0813564 | 208135640 | 第三借阅区/ [索取号:P62-39/45] | 在馆 | |
| 7 | 0813565 | 208135659 | 第三借阅区/ [索取号:P62-39/45] | 在馆 |